Squadre che hanno vinto più Coppe europee per Campionato - Statistics

Statistiche generali
  • Questo quiz è stato fatto 57 volte
  • Il punteggio medio è 12 su 18
Statistiche sulle risposte
Nazione Totale trofei Trofei vinti Squadra % Corretto
Italia 17 7 Coppe dei Campioni / UEFA Champions League; 2 Coppe delle Coppe; 3 Coppe Intercontinentali; 5 Supercoppe UEFA Milan
100%
Spagna 24 14 Coppe dei Campioni; UEFA Champions League; 2 Coppe UEFA; 3 Coppe Intercontinentali; 5 Supercoppe UEFA Real Madrid
100%
Germania 12 6 Coppe dei Campioni / UEFA Champions League, 1 Coppa delle Coppe; 1 Coppa UEFA; 2 Coppe Intercontinentali; 2 Supercoppe UEFA Bayern Monaco
96%
Paesi Bassi 10 4 Coppe dei Campioni / UEFA Champions League; 1 Coppa delle Coppe; 1 Coppa UEFA; 2 Coppe Intercontinentali, 2 Supercoppe UEFA Ajax
94%
Portogallo 7 2 Coppe dei Campioni / UEFA Champions League; 2 Coppe UEFA / UEFA Europa League, 2 Coppe Intercontinentali; 1 Supercoppa UEFA Porto
94%
Inghilterra 13 6 Coppe dei Campioni / UEFA Champions League; 3 Coppe UEFA; 4 Supercoppe UEFA Liverpool
92%
Serbia 2 1 Coppa dei Campioni; 1 Coppa Intercontinentale Stella Rossa
88%
Francia 2 1 UEFA Champions League, 1 Coppa Intertoto UEFA Olympique Marsiglia
86%
Ucraina 3 2 Coppe delle Coppe; 1 Supercoppa UEFA Dinamo Kiev
84%
Belgio 5 2 Coppe delle Coppe; 1 Coppa UEFA; 2 Supercoppe UEFA Anderlecht
72%
Turchia 2 1 Coppa UEFA; 1 Supercoppa UEFA Galatasaray
72%
Romania 2 1 Coppa dei Campioni; 1 Supercoppa UEFA Steaua Bucarest
72%
Russia 2 1 UEFA Europa League; 1 Supercoppa UEFA Zenit San Pietroburgo
58%
Slovacchia 1 1 Coppa delle Coppe Slovan Bratislava
40%
Svezia 2 2 Coppe UEFA IFK Göteborg
38%
Georgia 1 1 Coppa delle Coppe Dinamo Tbilisi
34%
Scozia 2 1 Coppa delle Coppe; 1 Supercoppa UEFA Aberdeen
26%
Danimarca 1 1 Coppa Intertoto UEFA Silkeborg
0%
Nessun quiz corrispondente trovato
Distribuzione punteggi
Percentuale di utenti per punteggio
Percentile per numero di risposta
I tuoi punteggi nel tempo
Non hai fatto questo quiz